Facets of systems science

Saved in:
Bibliographic Details
Main Author: Klir, George J. 1932-
Format: Book
Language:English
Published: New York : Plenum Press, c1991
Series:International Federation for Systems Research on systems science and engineering ; ; 7
Subjects:
Tags: Add Tag
No Tags, Be the first to tag this record!

MARC

LEADER 00000cam a2200000 i 4500
001 1/29378
008 941103s1991 eng d
020 |a 030643959X 
035 |l 10038306 
035 |a 1993  |c ΤΣΙΒΑΚΟΥ 
040 |a GR-MY-UA  |b gre  |e aacr 
041 0 |a eng 
082 0 |a 003  |2 (20) 
100 1 |a Klir, George J.  |d 1932- 
245 1 0 |a Facets of systems science /  |c George J. Klir 
260 |a New York :   |b Plenum Press,   |c c1991 
300 |a xvi, 664 p.;  |b ill.;  |c 24 cm 
490 1 |a International Federation for Systems Research on systems science and engineering  |v ; 7 
500 |a Contains papers and articles of others that have been previously published with notations to each by Klir 
504 |a Includes bibliographical references and indexes 
650 0 0 |a System theory. 
830 0 |a International Federation for Systems Research on systems science and engineering ;  |v ; 7 
852 |a INST  |b SAMOS  |e 19941103  |h 003 KLI  |p 005300003657  |q 005300003657  |t BK  |y 0 
909 |a Σ  |b 025213